| 000 | 00559nam a2200217 a 4500 | ||
|---|---|---|---|
| 001 | BRCA_6558 | ||
| 005 | 20190320205513.0 | ||
| 008 | 300911s1877----gw-#######---#000-0#ger-# | ||
| 041 | _ager | ||
| 044 | _agw | ||
| 050 | 4 |
_aPQ2247 _b.Z65 1877 |
|
| 100 | 1 |
_aZola, Émile _d1840-1902 _914496 |
|
| 245 | 1 | 0 |
_aGustave Flaubert _cvon Émile Zola. |
| 260 |
_aLeipzig _bIm Insel _c[1877] |
||
| 300 |
_a99 p. _c18 cm. |
||
| 500 | _aL102 | ||
| 600 | 1 | 4 |
_aFlaubert, Gustave _d1821-1880 _916363 |
| 650 | 1 | 4 |
_aLiteratura francesa _916364 |
| 902 | _aGFM | ||
| 942 |
_2lcc _cB |
||
| 999 |
_c6242 _d6242 |
||